000 01314cam a2200337 a 4500
001 16466218
005 20170105102856.0
008 100920s2011 mdua b 001 0 eng
010 _a 2010039286
020 _a9781442205543 (cloth : alk. paper)
020 _a9781442205550 (pbk. : alk. paper)
020 _a9781442205567 (electronic)
020 _a9781442207813 (cloth v. 1 : alk. paper)
020 _a9781442207820 (paper v. 1 : alk. paper)
020 _a9781442207837 (electronic v. 1)
020 _a9781442207844 (cloth v. 2 : alk. paper)
020 _a9781442207851 (paper v. 2 : alk. paper)
020 _a9781442207868 (electronic v. 2)
040 _aDLC
_cDLC
050 0 0 _aCB245
_b.P38 2011
082 0 0 _a909/.09821
_222
100 1 _aPavlac, Brian Alexander,
_d1956-
245 1 2 _aA concise survey of western civilization :
_bsupremacies and diversities throughout history /
_cBrian A. Pavlac.
260 _aLanham, Md. :
_bRowman & Littlefield,
_cc2011.
300 _axiv, 447 p. :
_bill. ;
_c26 cm.
504 _aIncludes bibliographical references and index.
650 0 _aCivilization, Western.
906 _a7
_bcbc
_corignew
_d1
_eecip
_f20
_gy-gencatlg
942 _2ddc
_cBK
999 _c14474
_d14474